00591 a2200205 4500260001000000630004300010037001100053650002600064100001900090260001000109245015600119300000900275650002800284260000900312300001000321100000700331037001300338250001600351020001800367 aParis a34 - Droit. Jurisprudence. Legislation b1, MES a3 - SCIENCES SOCIALES aEstoup, Pierre bLitec aLa Pratique des procédures rapides : Référés, ordonnances sur requête, procédures d'injonction, procédures à jour fixe et abrégées  a469p aProcédure judicière c1998 b24 cm lFr aDe 10023 a2è éd.  a0-7111-2916-0